000 00585nam a2200193 a 4500
001 000042543
005 20201002040226.0
008 131211s1991 sp 000 0 spa d
020 _a8479691131
040 _aDO-SdBNP
_bspa
_cBNPHU
082 _axxx
_bxxx
100 1 _aJames, Henry,
_d1843-1916.
_912819
245 1 3 _aEl Alumno /
_cHenry James.
260 _a[Madrid] :
_bCompañía Europea de Comunicación e Información,
_c1991.
300 _a95 p. ;
_c19 cm.
490 1 _aBiblioteca de el sol
_v94
590 _aInventariado, 2019/VM
830 0 _aBiblioteca de el sol
_n94
_969781
999 _c42032
_d42032